四川省地图点选 Sichuan Click Map - Statistics

General Stats
  • This quiz has been taken 26 times
  • The average score is 17 of 21
Answers on the Map
Answers color-coded by a green-red scale on the quiz's map according to % correct below.
 
Answer Stats
Answer % Correct
成都市
95%
德阳市
90%
乐山市
90%
自贡市
86%
攀枝花市
86%
泸州市
86%
绵阳市
86%
广元市
86%
眉山市
86%
广安市
86%
宜宾市
81%
巴中市
81%
南充市
76%
达州市
76%
雅安市
76%
内江市
71%
凉山彝族自治州
71%
遂宁市
67%
资阳市
67%
阿坝藏族羌族自治州
67%
甘孜藏族自治州
67%
No matching quizzes found
Score Distribution
Percent of People with Each Score
Percentile by Number Answered
Your Score History
You have not taken this quiz